000 00205nam a2200085 4500
001 1257570
005 20260217103954.0
245 _amidos kartalı'nın gözleri
_cgülten dayıoğlu
260 _baltın kitaplar
999 _c1257570
_d1257570